[Event "RSA-ch U20"]
[Site "Gauteng"]
[Date "2017.04.08"]
[Round "6"]
[White "Valks, Johan"]
[Black "Monatisa, Tiisetso"]
[Result "0-1"]
[WhiteElo "1210"]
[BlackElo "1545"]
[PlyCount "154"]
[EventDate "2017.04.05"]
[EventType "tourn"]
[EventRounds "9"]
[EventCountry "RSA"]
[SourceTitle "CBM 177 Extra"]
[Source "ChessBase"]
[SourceDate "2017.04.27"]
[SourceVersion "1"]
[SourceVersionDate "2017.04.27"]
[SourceQuality "1"]

1. e4 e5 2. Nc3 Nc6 3. Nf3 Bc5 4. Nd5 d6 5. d3 h6 6. Be2 Nge7 7. 0-0 f5 8. Nxe7 Qxe7 9. exf5 Bxf5 10. Nd2 0-0 11. Nb3 Bb6 12. Be3 Bxe3 13. fxe3 Qg5 14. e4 Bh3 15. Bf3 Rf4 16. Qe2 Raf8 17. Kh1 Be6 18. c3 Rh4 19. Qd2 Qg3 20. Kg1 Qxh2+ 21. Kf2 Rhf4 22. Ke1 Bg4 23. Kd1 Bxf3+ 24. gxf3 Qxd2+ 25. Nxd2 g5 26. Ke2 Ne7 27. Rh1 Kg7 28. Rh3 Ng6 29. Rah1 Nh4 30. Rf1 Kg6 31. Kd1 Ng2 32. Ke2 Nh4 33. Rg3 Kh7 34. Rg4 Rxg4 35. fxg4 Rxf1 36. Nxf1 Kg6 37. Ng3 Ng2 38. d4 Nf4+ 39. Ke3 Kf6 40. d5 Kg6 41. c4 b6 42. a3 a5 43. b3 h5 44. gxh5+ Nxh5 45. Nf5 g4 46. Kf2 Kg5 47. Ke3 g3 48. Kf3 g2 49. Kxg2 Kf4 50. Kf2 Kxe4 51. Ne3 Kd4 52. b4 axb4 53. axb4 Nf4 54. b5 Nd3+ 55. Ke2 Nb2 56. Nf5+ Kxc4 57. Ng7 Kxd5 58. Ne8 c5 59. bxc6 Kxc6 60. Nf6 b5 61. Ne4 d5 62. Nf6 Nc4 63. Kd3 e4+ 64. Ke2 Kc5 65. Nh5 d4 66. Nf4 d3+ 67. Kd1 Kd4 68. Ne6+ Ke3 69. Kc1 d2+ 70. Kd1 b4 71. Nc5 Nb2+ 72. Kc2 d1Q+ 73. Kxb2 Qd4+ 74. Kb3 Qxc5 75. Kb2 Qc3+ 76. Kb1 Qd2 77. Ka1 b3 0-1

[Event "RSA-ch U20"]
[Site "Gauteng"]
[Date "2017.04.07"]
[Round "4"]
[White "Rensburg, Kyle"]
[Black "Monatisa, Tiisetso"]
[Result "0-1"]
[WhiteElo "1191"]
[BlackElo "1545"]
[PlyCount "162"]
[EventDate "2017.04.05"]
[EventType "tourn"]
[EventRounds "9"]
[EventCountry "RSA"]
[SourceTitle "CBM 177 Extra"]
[Source "ChessBase"]
[SourceDate "2017.04.27"]
[SourceVersion "1"]
[SourceVersionDate "2017.04.27"]
[SourceQuality "1"]

1. e4 e5 2. Nf3 Nc6 3. Nc3 Bc5 4. Nxe5 Bxf2+ 5. Kxf2 Nxe5 6. d4 Qf6+ 7. Kg1 Ng4 8. Qd2 d6 9. h3 N4h6 10. Nd5 Qd8 11. Bc4 c6 12. Nc3 Nf6 13. Qg5 Qb6 14. Ne2 Rg8 15. e5 dxe5 16. Qxe5+ Kd8 17. Bxh6 Nd7 18. Qd6 gxh6 19. Rf1 Rg6 20. Qf4 f6 21. b3 Ne5 22. Kh2 Nxc4 23. bxc4 Qc7 24. Qxc7+ Kxc7 25. Rf2 Bd7 26. Rhf1 Rag8 27. Nf4 Rg5 28. Nd3 b6 29. c5 b5 30. a4 a6 31. a5 Kb7 32. Re1 R8g7 33. Rfe2 h5 34. Rf1 f5 35. Rf4 Kc7 36. Nb4 Kb7 37. Nd3 Be6 38. Rff2 Bc4 39. Rd2 Bd5 40. Nf4 Rd7 41. Nxd5 Rxd5 42. c3 Rd7 43. Rde2 Kc7 44. Rf4 Rf7 45. Ref2 Kd7 46. g4 hxg4 47. hxg4 Ke6 48. Re2+ Kd7 49. Ref2 Ke6 50. Re2+ Kd7 51. Ref2 Ke6 52. gxf5+ Rfxf5 53. Rxf5 Rxf5 54. Rxf5 Kxf5 55. Kg3 Ke4 56. Kg4 Kd5 57. Kg5 Kc4 58. Kh6 b4 59. cxb4 Kxb4 60. d5 Kxc5 61. dxc6 Kxc6 62. Kxh7 Kb5 63. Kg6 Kxa5 64. Kf5 Kb4 65. Ke4 a5 66. Kd4 a4 67. Kd3 Kb3 68. Kd2 Kb2 69. Kd3 a3 70. Kc4 a2 71. Kd3 a1Q 72. Kd2 Qa3 73. Ke2 Qc3 74. Kf2 Qd3 75. Kg2 Qe3 76. Kh2 Qg5 77. Kh3 Kc3 78. Kh2 Kd3 79. Kh1 Ke3 80. Kh2 Kf3 81. Kh1 Qg2# 0-1

[Event "RSA-ch U20"]
[Site "Waterkloof"]
[Date "2015.04.07"]
[Round "5"]
[White "Monatisa, Tiisetso"]
[Black "Vieira, Brandon"]
[Result "0-1"]
[WhiteElo "1380"]
[BlackElo "1609"]
[PlyCount "56"]
[EventDate "2015.04.04"]
[EventType "swiss"]
[EventRounds "9"]
[EventCountry "RSA"]
[SourceTitle "CBM 166 Extra"]
[Source "ChessBase"]
[SourceDate "2015.06.18"]
[SourceVersion "1"]
[SourceVersionDate "2015.06.18"]
[SourceQuality "1"]

1. e4 e5 2. Nf3 Nc6 3. Bc4 Bc5 4. d3 Nf6 5. Nc3 h6 6. Be3 Bxe3 7. fxe3 d6 8. Qd2 Na5 9. Bb3 Nxb3 10. axb3 c6 11. d4 Qc7 12. 0-0-0 0-0 13. d5 Rd8 14. dxc6 bxc6 15. Nxe5 Ba6 16. Nd3 Qa5 17. Nf2 d5 18. Qd4 dxe4 19. Qa4 Qb6 20. Ncxe4 Qxe3+ 21. Kb1 Nxe4 22. Nxe4 Bb5 23. Rde1 Qxe1+ 24. Rxe1 Bxa4 25. bxa4 Re8 26. b3 f5 27. Nf6+ gxf6 28. Rxe8+ Rxe8 0-1